La baja edad media /
Guardado en:
| Autor Principal: | |
|---|---|
| Formato: | Libro |
| Publicado: |
Madrid :
Siglo Xxi, 1971
|
| Series: | Historia Universal Siglo Xxi; No. 11
|
| Materias: | |
| Etiquetas: |
Agregar Etiqueta
Sin Etiquetas, Sea el primero en etiquetar este registro!
|
| LEADER | 00715nam a22002175a 4500 | ||
|---|---|---|---|
| 001 | CEM.cems012977 | ||
| 005 | 20081010100510.0 | ||
| 008 | 130507b######################000#0#####d | ||
| 003 | CEMS | ||
| 082 | 0 | 4 | |a 940.1 |
| 100 | 1 | |a Le Goff, Jacques | |
| 245 | 1 | 0 | |a La baja edad media / |c Jacques Le Goff |
| 260 | |a Madrid : |b Siglo Xxi, 1971 | ||
| 300 | |a 336 p. | ||
| 490 | 0 | |a Historia Universal Siglo Xxi; No. 11 | |
| 505 | 0 | |a La expansión del Occidente cristiano (1060-1180) -- El apogeo (1180-1270) -- La crisis de la cristiandad occidental | |
| 653 | |a Historia | ||
| 653 | |a Edad media-historia | ||
| 653 | |a Historia medieval | ||
| 653 | |a Baja edad media | ||
| 859 | |a CEMS |b BIB. CEMS - 11 de abril |h 940.1 |i L525 |p 25270.08 |t Ej.1 | ||
